000 00338nam a22001457a 4500
020 _a0-07-123151-X
041 _aENG
100 _aRamakrishnan Raghu
245 _aDatabase Management Systems
250 _aInternational Edition
260 _aNew Delhi
_bMcGraw Hill
_c2003
300 _a1065
650 _aM.Tech
856 _uM.Tech ( 7 )
999 _c1014
_d1014